| 000 | 00854cam a2200289 a 4500 | ||
|---|---|---|---|
| 001 | 3881030 | ||
| 003 | OSt | ||
| 005 | 20180116183024.0 | ||
| 008 | 891004s1989 nyu 000 1 eng | ||
| 010 | _a 89192150 | ||
| 020 |
_a031293193X : _c$16.95 |
||
| 040 |
_aDLC _cDLC _dDLC |
||
| 050 | 0 | 0 |
_aPS3553.O5536 _bT6 1989 |
| 082 | 0 | 0 |
_a813.54 COO 1991 _220 |
| 100 | 1 | _aCook, Glen. | |
| 245 | 1 | 4 |
_aThe Tower of Fear _cGlen Cook. |
| 250 | _a1st ed. | ||
| 260 |
_aNew York : _bT. Doherty Associates, _c1989. |
||
| 300 |
_a375 p. ; _c22 cm. |
||
| 440 | _aThe Tower of Fear | ||
| 500 | _a"A Tom Doherty Associates book." | ||
| 500 | _a"A TOR book"--T.p. verso. | ||
| 655 | 7 |
_aFantastic fiction. _2gsafd |
|
| 906 |
_a7 _bcbc _corignew _d2 _encip _f19 _gy-gencatlg |
||
| 942 |
_2ddc _cBK |
||
| 999 |
_c350714 _d350714 |
||